UM Logo

Labor relations management and negotiations / (Record no. 18595)

MARC details
000 -LEADER
fixed length control field 00719nam a22001937a 4500
005 - DATE AND TIME OF LATEST TRANSACTION
control field 20241115180145.0
008 - FIXED-LENGTH DATA ELEMENTS--GENERAL INFORMATION
fixed length control field 231211b ||||| |||| 00| 0 eng d
020 ## - INTERNATIONAL STANDARD BOOK NUMBER
International Standard Book Number 9786214271382
082 ## - DEWEY DECIMAL CLASSIFICATION NUMBER
Classification number DFil 331.8 Se683 2023
100 ## - MAIN ENTRY--PERSONAL NAME
Personal name Camilar-Serrano, Angelita Ong.
9 (RLIN) 50451
245 ## - TITLE STATEMENT
Title Labor relations management and negotiations /
Statement of responsibility, etc. Angelita Ong Camilar-Serrano and Rodolfo Lapaz Ducut.
250 ## - EDITION STATEMENT
Edition statement Second edition.
260 ## - PUBLICATION, DISTRIBUTION, ETC. (IMPRINT)
Place of publication, distribution, etc. Manila :
Name of publisher, distributor, etc. Unlimited books library services and publishing Inc.,
Date of publication, distribution, etc. ©2023.
300 ## - PHYSICAL DESCRIPTION
Extent xiv, 464 pages :
Other physical details illustrations ;
Dimensions 25 cm.
500 ## - GENERAL NOTE
General note Includes bibliography.
650 ## - SUBJECT ADDED ENTRY--TOPICAL TERM
Topical term or geographic name as entry element Labor
General subdivision Management.
9 (RLIN) 17139
700 ## - ADDED ENTRY--PERSONAL NAME
Personal name Ducut, Rodolfo Lapaz.
Relator term author.
9 (RLIN) 30875
942 ## - ADDED ENTRY ELEMENTS (KOHA)
Source of classification or shelving scheme Dewey Decimal Classification
Koha item type Filipiniana
Holdings
Withdrawn status Lost status Source of classification or shelving scheme Damaged status Not for loan Collection code Home library Current library Date acquired Source of acquisition Cost, normal purchase price Total Checkouts Full call number Barcode Date last seen Copy number Price effective from Koha item type
    Dewey Decimal Classification     Filipiniana UM Digos College - LIC UM Digos College - LIC 08/08/2023 Purchased 970.00   DFil 331.8 Se683 2023 27679 05/15/2025 1 12/11/2023 Filipiniana
    Dewey Decimal Classification     Filipiniana UM Digos College - LIC UM Digos College - LIC 08/08/2023 Purchased 1195.00   DFil 331.8 Se683 2023 27680 05/15/2025 2 12/11/2023 Filipiniana
    Dewey Decimal Classification     Filipiniana UM Digos College - LIC UM Digos College - LIC 08/20/2024 Purchased 893.00   DFil 331.8 Se683 2023 28474 05/15/2025 4 10/22/2024 Filipiniana
    Dewey Decimal Classification     Filipiniana UM Digos College - LIC UM Digos College - LIC 08/20/2024 Purchased 893.00   DFil 331.8 Se683 2023 28473 05/15/2025 3 10/22/2024 Filipiniana